000
00327nam a2200133Ia 4500
005
20251222155044.0
008
251222s9999||||xx |||||||||||||| ||spa||
082
_a
REL.01
100
_a
MARTINEZ S.
245
0
_a
Biblia Estudio y enseñanza de Religión
250
_a
2da. ed.
264
_b
Magisterio Español
942
_c
LIB
999
_c
37017
_d
37017